|
|
|
|
| LEADER |
00000ntmaa2200000 a 4500 |
| 001 |
vtls012290814 |
| 003 |
SK-MaSNL |
| 005 |
20260302030329.0 |
| 008 |
260202i1892 au || 000 idslo |
| 040 |
|
|
|a SNKLA
|b slo
|c SNKLA
|e AACR2
|
| 041 |
0 |
|
|a slo
|
| 044 |
|
|
|a au
|c AT
|
| 080 |
|
|
|a (044)
|2 2011
|
| 080 |
|
|
|a 025.171
|2 2011
|
| 080 |
|
|
|a 394.46
|2 2011
|
| 080 |
|
|
|a 395.82
|2 2011
|
| 080 |
|
|
|a 82-026.12
|2 2011
|
| 110 |
2 |
|
|a Národ (spolok : Viedeň, Rakúsko)
|4 aut
|9 572294
|
| 245 |
1 |
0 |
|a [Listy spolku Národ vo Viedni Františkovi Víťazoslavovi Sasinkovi]
|c Slovenský literárny spolok "Národ" vo Viedni
|
| 260 |
|
|
|a Viedeň
|c 1892
|
| 300 |
|
|
|a 4 nečíslované strany
|b rukopis, voľné listy
|c 29-34 cm
|
| 500 |
|
|
|a Obsahuje 2 listy
|
| 500 |
|
|
|a Pečiatka: Slovenský literárny spolok "Národ" vo Viedni
|
| 500 |
|
|
|a Na liste zo 4.9.1892 číslo 17. s podčiarknutím napísané modrou pastelkou
|
| 500 |
|
|
|a Na liste z 13.11.1892 číslo 7. atramentovým perom
|
| 520 |
2 |
|
|a V liste zo 4.9.1892 blahoželá k 40. výročiu literárnej činnosti; v liste z 13.11.1892 oznamuje zvolenie F. V. Sasinka za čestného člena spolku Národ a vyzdvihuje jeho prácu
|
| 555 |
0 |
|
|a Inventár rukopisov Literárneho archívu Matice slovenskej VI. Archív Slovenského národného múzea. Fondy M 51 - 120. Martin : Matica slovenská 1977
|
| 561 |
|
|
|a Okrúhla pečiatka: Museálna slovenská spoločnosť
|
| 561 |
|
|
|a Okrúhla pečiatka: Matica slovenská Martin Archív literatúry a umenia
|
| 650 |
0 |
7 |
|a jubileá
|2 SNKPH
|9 29624
|
| 650 |
0 |
7 |
|a blahoželania
|2 SNKPH
|9 30339
|
| 650 |
0 |
7 |
|a literárna činnosť
|2 SNKPH
|9 67286
|
| 655 |
|
7 |
|a korešpondencia
|2 SNKPH
|9 60843
|
| 655 |
|
7 |
|a listy
|2 SNKPH
|9 84490
|
| 655 |
|
7 |
|a rukopisy
|2 SNKPH
|9 70548
|
| 700 |
1 |
|
|a Sasinek, František Víťazoslav,
|d 1830-1914
|4 rcp
|9 8180
|
| 852 |
|
|
|a SNK
|b Literárny archív
|
| 958 |
|
|
|a MOF
|
| 958 |
|
|
|a LAVD
|
| 999 |
|
|
|c 1046913
|d 1048843
|
| 952 |
|
|
|a SNKLA
|b SNKLA
|c SNKLA_DEP
|y NEVYP
|7 0
|p 17A1312815
|o snkM 90 B 40
|0 0
|1 0
|4 0
|d 2026-02-02
|f 1
|l 0
|r 2026-02-24 14:43:30
|w 2026-02-24
|